Utopía de un espacio recobrado / (Record no. 1378)

MARC details
000 -LEADER
campo de control de longitud fija 01358nam a22002417a 4500
008 - DATOS DE LONGITUD FIJA--INFORMACIÓN GENERAL
campo de control de longitud fija 171129s1999 ve||||| |||| 00| 0 spa d
020 ## - NÚMERO INTERNACIONAL ESTÁNDAR DEL LIBRO
Número Internacional Estándar del Libro 9803760041
082 04 - NÚMERO DE LA CLASIFICACIÓN DECIMAL DEWEY
Número de clasificación 708
Número de ítem L935u
100 1# - ENTRADA PRINCIPAL--NOMBRE DE PERSONA
Nombre de persona Lucena, Víctor.
9 (RLIN) 6126
245 10 - MENCIÓN DEL TÍTULO
Título Utopía de un espacio recobrado /
Mención de responsabilidad, etc. Víctor Lucena ; Consejo Nacional de la Cultura de Venezuela.
250 ## - MENCION DE EDICION
Mención de edición 1a edición.
260 ## - PUBLICACIÓN, DISTRIBUCIÓN, ETC.
Lugar de publicación, distribución, etc. Caracas, Venezuela :
Nombre del editor, distribuidor, etc. CONAC,
Fecha de publicación, distribución, etc. 1999.
300 ## - DESCRIPCIÓN FÍSICA
Extensión 56 páginas :
Otras características físicas ilustraciones en color.
500 ## - NOTA GENERAL
Nota general Catálogo publicado con motivo a la exposición "Utopía de un espacio recobrado", presentada de junio a noviembre de 1999, en la XLVIII Biennale Di Arte Di Venezia.
505 0# - NOTA DE CONTENIDO CON FORMATO
Título Presentación
Mención de responsabilidad Alejandro Armas.
Título Homenaje a Carlo Scarpa
Mención de responsabilidad María Josefina Weitz.
Título Víctor Lucena: del cuerpo, del espacio y del hacer del arquitecto
Mención de responsabilidad María Elena Ramos.
Título La virtud de la extrañeza
Mención de responsabilidad Luis Castro Leiva.
Título Il Giocoliera: homenaje a Víctor Lucena
Mención de responsabilidad Luis Castro Leiva.
Título Encuentros y desencuentros entre la realidad y la memoria de un artista proyectual
Mención de responsabilidad Getulio Alvaini.
Título Proposiciones de Víctor Lucena 1969/1980
Mención de responsabilidad Umbro Apollonio.
653 10 - TÉRMINO DE INDIZACIÓN--NO CONTROLADO
Término no controlado Arte contemporáneo
653 10 - TÉRMINO DE INDIZACIÓN--NO CONTROLADO
Término no controlado Arte - Venezuela
653 10 - TÉRMINO DE INDIZACIÓN--NO CONTROLADO
Término no controlado Catálogo de exhibición
653 10 - TÉRMINO DE INDIZACIÓN--NO CONTROLADO
Término no controlado Exhibiciones
653 10 - TÉRMINO DE INDIZACIÓN--NO CONTROLADO
Término no controlado Instalación
653 10 - TÉRMINO DE INDIZACIÓN--NO CONTROLADO
Término no controlado Artes visuales
710 1# - ENTRADA AGREGADA--NOMBRE DE ENTIDAD CORPORATIVA
Nombre de entidad corporativa o nombre de jurisdicción como elemento de entrada Consejo Nacional de la Cultura de Venezuela.
9 (RLIN) 6127
Holdings
Estatus retirado Estado de pérdida Fuente del sistema de clasificación o colocación Estado de daño No para préstamo Biblioteca de origen Biblioteca actual Ubicación en estantería Fecha de adquisición Total de préstamos Signatura topográfica completa Código de barras Visto por última vez Precio de reemplazo Tipo de ítem Koha
    Clasificación Decimal Dewey     Biblioteca LadoV Biblioteca LadoV   29/11/2017   708 L935u 000877 29/11/2017 29/11/2017 Material 01